La caravana de Oriente (Record no. 63411)

MARC details
000 -LEADER
campo de control de longitud fija 00607nam a2200181 i 4500
001 - NÚMERO DE CONTROL
campo de control 63411
003 - IDENTIFICADOR DE NÚMERO DE CONTROL
campo de control ES-MaACL
005 - FECHA Y HORA DE LA ÚLTIMA TRANSACCIÓN
campo de control 20231229063017.0
007 - CAMPO FIJO DE DESCRIPCIÓN FÍSICA--INFORMACIÓN GENERAL
campo de control de longitud fija t|
008 - DATOS DE LONGITUD FIJA--INFORMACIÓN GENERAL
campo de control de longitud fija 031210s1948 sp ||||1| spa d
100 1# - ENTRADA PRINCIPAL--NOMBRE DE PERSONA
Nombre de persona Ferreiro, Ramón,
Fechas asociadas al nombre 1903-1978
9 (RLIN) 50394
245 13 - MENCIÓN DEL TÍTULO
Título La caravana de Oriente
Resto del título : estampa radiofónica /
Mención de responsabilidad, etc. Ramón Ferreiro ; dibujos J. Casas.
260 ## - PUBLICACIÓN, DISTRIBUCIÓN, ETC.
Lugar de publicación, distribución, etc. Valladolid :
Nombre del editor, distribuidor, etc. [s.n.],
Fecha de publicación, distribución, etc. 1948 (
Fabricante Tip. del colegio mayor universitario Santa Cruz)
300 ## - DESCRIPCIÓN FÍSICA
Extensión 41 p. :
Otras características físicas il. ;
Dimensiones 17 cm.
700 1# - ENTRADA AGREGADA--NOMBRE PERSONAL
Nombre de persona Casas, J.
9 (RLIN) 181915
852 ## - LOCALIZACIÓN
Ubicación ES-MaACL
Número de control de estantería 1898-F-10
Sublocalización o colección R.27051
Holdings
Estatus retirado Estado de pérdida Estado de daño No para préstamo Colección Biblioteca de origen Biblioteca actual Ubicación en estantería Fecha de adquisición Fuente de adquisición Total de préstamos Signatura topográfica completa Código de barras Visto por última vez Precio de reemplazo Tipo de ítem Koha
        Colección de folletos Biblioteca del Ateneo de Madrid Biblioteca del Ateneo de Madrid Depósito folletos 17/01/2008     1898-F-10 1066463 23/02/2023 23/02/2023 Folleto